[Event "Caba Legislatura Cup"]
[Site "Caba"]
[Date "2018.04.07"]
[Round "2"]
[White "Slipak, Sergio"]
[Black "Olivares, Daniel"]
[Result "1-0"]
[WhiteElo "2458"]
[BlackElo "2061"]
[PlyCount "53"]
[EventDate "2018.04.06"]
[EventType "swiss"]
[EventRounds "9"]
[EventCountry "ARG"]
[SourceTitle "CBM 184 Extra"]
[Source "ChessBase"]
[SourceDate "2018.06.28"]
[SourceVersion "1"]
[SourceVersionDate "2018.06.28"]
[SourceQuality "1"]

1. c4 Nf6 2. Nc3 e6 3. e4 d5 4. e5 Ne4 5. Nf3 Nxc3 6. dxc3 Be7 7. Bf4 0-0 8. Qc2 Nd7 9. 0-0-0 c6 10. Bd3 h6 11. h4 Nc5 12. g4 Nxd3+ 13. Qxd3 b5 14. cxb5 cxb5 15. h5 b4 16. cxb4 Qb6 17. a3 Ba6 18. Qd2 Rfc8+ 19. Kb1 Bc4 20. Be3 Qb7 21. Nd4 a5 22. b5 Bb4 23. axb4 axb4 24. b3 Qa7 25. Qb2 Qa3 26. Qxa3 Rxa3 27. Kb2 1-0

[Event "Mar del Plata op 49th"]
[Site "Mar del Plata"]
[Date "2018.03.25"]
[Round "2"]
[White "Sanhueza, Cristian"]
[Black "Olivares, Daniel"]
[Result "1-0"]
[WhiteElo "2298"]
[BlackElo "2061"]
[PlyCount "65"]
[EventDate "2018.03.24"]
[EventType "swiss"]
[EventRounds "9"]
[EventCountry "ARG"]
[SourceTitle "EXT 2019"]
[Source "ChessBase"]
[SourceDate "2018.10.10"]
[SourceVersion "1"]
[SourceVersionDate "2018.10.10"]
[SourceQuality "1"]

1. e4 c6 2. d4 d5 3. exd5 cxd5 4. c4 Nf6 5. Nc3 e6 6. c5 Nc6 7. Nf3 Be7 8. Bb5 0-0 9. 0-0 Bd7 10. Re1 Ne8 11. a3 Nc7 12. Bd3 f6 13. Bf4 e5 14. dxe5 fxe5 15. Bxe5 Nxe5 16. Nxe5 Bxc5 17. Qh5 g6 18. Nxg6 Bxf2+ 19. Kh1 Bxe1 20. Nxf8 Qe7 21. Nxd5 Nxd5 22. Nxd7 Qxd7 23. Rxe1 Nf6 24. Qg5+ Qg7 25. Qxg7+ Kxg7 26. Re7+ Kf8 27. Rxb7 Rd8 28. Be2 Rd2 29. Bf3 Ne4 30. Rxa7 Rxb2 31. Bxe4 Re2 32. Kg1 Rxe4 33. Rxh7 1-0

[Event "ARG-chT"]
[Site "Villa Martelli"]
[Date "2017.09.02"]
[Round "5.1"]
[White "Olivares, Daniel"]
[Black "Lombardi, Federico Martin"]
[Result "0-1"]
[WhiteElo "2074"]
[BlackElo "2054"]
[PlyCount "80"]
[EventDate "2017.08.05"]
[EventType "team-swiss"]
[EventRounds "9"]
[EventCountry "ARG"]
[SourceTitle "CBM 180 Extra"]
[Source "ChessBase"]
[SourceDate "2017.10.06"]
[SourceVersion "1"]
[SourceVersionDate "2017.10.06"]
[SourceQuality "1"]
[WhiteTeam "Escuela Municipal Moreno"]
[BlackTeam "Nac del Sur Univ"]
[WhiteTeamCountry "ARG"]
[BlackTeamCountry "ARG"]

1. d4 Nf6 2. c4 g6 3. Nc3 Bg7 4. e4 d6 5. f4 0-0 6. Nf3 c5 7. d5 e6 8. Be2 exd5 9. cxd5 a6 10. a4 Re8 11. e5 dxe5 12. fxe5 Ng4 13. Bf4 Nxe5 14. 0-0 Nxf3+ 15. Bxf3 Qf6 16. Qd2 Qd4+ 17. Kh1 Qxd2 18. Bxd2 Bf5 19. d6 Nc6 20. Nd5 Rad8 21. Nc7 Rf8 22. Bxc6 bxc6 23. Bf4 Bxb2 24. Ra2 Bd4 25. Bh6 Bg7 26. Bf4 a5 27. Rc1 Bd4 28. Rd2 Kg7 29. Na6 Rfe8 30. h3 Re4 31. Bg3 Be3 32. Nxc5 Bxd2 33. Nxe4 Bxc1 34. Be5+ Kf8 35. Nf6 g5 36. g4 Bg6 37. d7 Bf4 38. Bd4 Ke7 39. Bb6 Be5 40. Bxa5 Bxf6 0-1

[Event "ARG-chT"]
[Site "Villa Martelli"]
[Date "2017.08.05"]
[Round "1.2"]
[White "Vives, Gabriel Alejandro"]
[Black "Olivares, Daniel"]
[Result "0-1"]
[WhiteElo "2068"]
[BlackElo "2074"]
[PlyCount "62"]
[EventDate "2017.08.05"]
[EventType "team-swiss"]
[EventRounds "9"]
[EventCountry "ARG"]
[SourceTitle "CBM 180 Extra"]
[Source "ChessBase"]
[SourceDate "2017.10.06"]
[SourceVersion "1"]
[SourceVersionDate "2017.10.06"]
[SourceQuality "1"]
[WhiteTeam "Ushuaia Jaque Mate"]
[BlackTeam "Escuela Municipal Moreno"]
[WhiteTeamCountry "ARG"]
[BlackTeamCountry "ARG"]

1. d4 Nf6 2. Nf3 d5 3. Bf4 e6 4. e3 c5 5. c3 Nc6 6. Bd3 Be7 7. Nbd2 0-0 8. Ne5 c4 9. Bc2 Bd7 10. 0-0 b5 11. Ndf3 a5 12. g4 Ne4 13. Nxc6 Bxc6 14. Ne5 Bb7 15. Bg3 f6 16. Nf3 b4 17. Bxe4 dxe4 18. Nd2 Bd5 19. f3 exf3 20. e4 Bb7 21. Rxf3 f5 22. gxf5 exf5 23. Rxf5 Rxf5 24. exf5 Qd5 25. Qf1 Bg5 26. Qxc4 Be3+ 27. Bf2 Bxd2 28. Qxd5+ Bxd5 29. cxb4 axb4 30. a4 Rc8 31. a5 Rc1+ 0-1

[Event "Managua Sub zt 2.3.2"]
[Site "Managua"]
[Date "2001.07.08"]
[Round "9"]
[White "Arias Santana, Mauricio"]
[Black "Olivares, Daniel"]
[Result "1/2-1/2"]
[WhiteElo "2207"]
[BlackElo "2114"]
[PlyCount "41"]
[EventDate "2001.06.30"]
[EventType "swiss"]
[EventRounds "9"]
[EventCountry "NCA"]
[SourceTitle "EXT 2002"]
[Source "ChessBase"]
[SourceDate "2001.11.25"]
[SourceVersion "1"]
[SourceVersionDate "2001.11.25"]
[SourceQuality "1"]

1. c4 Nf6 2. Nf3 e6 3. g3 Be7 4. Bg2 d5 5. b3 0-0 6. 0-0 c5 7. e3 Nc6 8. cxd5 exd5 9. d4 cxd4 10. Nxd4 Nxd4 11. exd4 Bf5 12. Nc3 Rc8 13. Bb2 Bg6 14. a3 Re8 15. Re1 a6 16. h3 Qd6 17. Qd2 Bf8 18. Rxe8 Rxe8 19. Re1 Rxe1+ 20. Qxe1 h6 21. g4 1/2-1/2

[Event "Managua Sub zt 2.3.2"]
[Site "Managua"]
[Date "2001.07.07"]
[Round "8"]
[White "Olivares, Daniel"]
[Black "Guevara Sanchez, Erick Marvin"]
[Result "1/2-1/2"]
[WhiteElo "2114"]
[BlackElo "2196"]
[PlyCount "47"]
[EventDate "2001.06.30"]
[EventType "swiss"]
[EventRounds "9"]
[EventCountry "NCA"]
[SourceTitle "EXT 2002"]
[Source "ChessBase"]
[SourceDate "2001.11.25"]
[SourceVersion "1"]
[SourceVersionDate "2001.11.25"]
[SourceQuality "1"]

1. Nf3 c5 2. g3 Nc6 3. Bg2 e5 4. 0-0 g6 5. c4 Bg7 6. Nc3 Nge7 7. d3 h6 8. Bd2 0-0 9. Rb1 d6 10. a3 a5 11. Nb5 d5 12. cxd5 Nxd5 13. Qc1 Qb6 14. Nc3 Nde7 15. Bxh6 Qc7 16. Ne4 b6 17. h4 Bf5 18. Nc3 Rac8 19. Bxg7 Kxg7 20. Qe3 f6 21. Nd2 Be6 22. Nb5 Qb8 23. Nc4 Rfd8 24. f4 1/2-1/2

[Event "Mar del Plata op"]
[Site "Mar del Plata"]
[Date "1996.??.??"]
[Round "7"]
[White "Olivares, Daniel"]
[Black "Loiterstein, Mariano"]
[Result "1-0"]
[WhiteElo "2215"]
[BlackElo "2265"]
[PlyCount "141"]
[EventDate "1996.??.??"]
[EventType "swiss"]
[EventRounds "9"]
[EventCountry "ARG"]
[SourceTitle "CBM 051 Extra"]
[Source "ChessBase"]
[SourceDate "1996.05.01"]
[SourceVersion "1"]
[SourceVersionDate "1996.05.01"]
[SourceQuality "1"]

1. d4 Nf6 2. Nf3 e6 3. g3 c5 4. Bg2 Nc6 5. c4 cxd4 6. Nxd4 a6 7. 0-0 Qc7 8. b3 Be7 9. Bb2 0-0 10. Nc3 d6 11. Rc1 Nxd4 12. Qxd4 Bd7 13. Rfd1 Rfd8 14. a4 Rac8 15. Ba3 Be8 16. Bh3 Bf8 17. Bg2 Qb8 18. Ne4 Nxe4 19. Bxe4 Bc6 20. Bb2 Qc7 21. Qe3 Qa5 22. Bc3 Qh5 23. Rd4 Bxe4 24. Rxe4 Qc5 25. Bd4 Qc6 26. Rg4 Qd7 27. Bf6 Rc5 28. Bxd8 Qxd8 29. Rd1 Qc7 30. Rgd4 a5 31. Qd2 Rc6 32. e4 Qb6 33. Rd3 h6 34. Kg2 Qc5 35. f4 Rb6 36. Qf2 Qc6 37. Qf3 Qc5 38. Qf2 Qc6 39. Kf1 Ra6 40. Qe3 Rb6 41. f5 Be7 42. fxe6 fxe6 43. Kg2 Rb4 44. Qf3 Qc5 45. Rf1 Bf6 46. Qg4 Qe5 47. Qf4 Rb6 48. Rfd1 Qh5 49. Qe3 Qc5 50. Qxc5 dxc5 51. Kf1 Bd4 52. Ke2 Kf7 53. Rf1+ Ke7 54. Kd1 Kd6 55. Kc2 Ke5 56. Re1 Rd6 57. Rf3 Rd7 58. Rf8 Kd6 59. Ref1 Ke5 60. R1f7 Rd6 61. Rxg7 Kxe4 62. Rg4+ Ke3 63. Rgf4 Ke2 64. Re4+ Be3 65. Rf6 Rd2+ 66. Kb1 Rd1+ 67. Ka2 Kd3 68. Rxe3+ Kxe3 69. Rxe6+ Kf3 70. Rxh6 Rd2+ 71. Ka3 1-0

[Event "Mar del Plata op"]
[Site "Mar del Plata"]
[Date "1994.??.??"]
[Round "2"]
[White "Olivares, Daniel"]
[Black "Sorokin, Maxim"]
[Result "0-1"]
[WhiteElo "2235"]
[BlackElo "2520"]
[PlyCount "88"]
[EventDate "1994.04.??"]
[EventType "swiss"]
[EventRounds "9"]
[EventCountry "ARG"]
[SourceTitle "EXT 1997"]
[Source "ChessBase"]
[SourceDate "1996.11.15"]
[SourceVersion "1"]
[SourceVersionDate "1996.11.15"]
[SourceQuality "1"]

1. d4 Nf6 2. c4 g6 3. Nc3 Bg7 4. e4 d6 5. f4 0-0 6. Nf3 Bg4 7. Be2 Nc6 8. 0-0 e5 9. fxe5 dxe5 10. d5 Bxf3 11. Bxf3 Nd4 12. Bg5 Qd6 13. Kh1 Nd7 14. Rb1 c5 15. Bg4 f5 16. Bh3 Rf7 17. Ne2 Raf8 18. Nxd4 exd4 19. exf5 gxf5 20. Qd3 Qg6 21. Bf4 Re7 22. Rbe1 Be5 23. Bxe5 Rxe5 24. Qg3 Qxg3 25. hxg3 Kg7 26. g4 fxg4 27. Bxg4 Rfe8 28. Rxe5 Nxe5 29. Bh5 Rf8 30. Re1 Nxc4 31. Re7+ Kh6 32. Be2 Nxb2 33. Rxb7 Na4 34. Bd3 Kg5 35. Rxa7 Nb2 36. Be4 d3 37. d6 Rd8 38. d7 d2 39. Bf3 c4 40. Rc7 Kf6 41. a4 Ke7 42. a5 Kd6 43. Rb7 c3 44. a6 c2 0-1

[Event "Paris op"]
[Site "Paris"]
[Date "1993.??.??"]
[Round "9"]
[White "Olivares, Daniel"]
[Black "Beran, Josef"]
[Result "0-1"]
[WhiteElo "2235"]
[BlackElo "2265"]
[PlyCount "64"]
[EventDate "1993.??.??"]
[EventType "swiss"]
[EventRounds "9"]
[EventCountry "FRA"]
[SourceTitle "EXT 1997"]
[Source "ChessBase"]
[SourceDate "1996.11.15"]
[SourceVersion "1"]
[SourceVersionDate "1996.11.15"]
[SourceQuality "1"]

1. d4 Nf6 2. c4 e6 3. Nc3 Bb4 4. Qb3 c5 5. dxc5 Na6 6. Nf3 Ne4 7. Bd2 Nxd2 8. Nxd2 Bxc5 9. Nde4 Be7 10. 0-0-0 Qc7 11. e3 Nc5 12. Qc2 Nxe4 13. Qxe4 0-0 14. Kb1 a6 15. g4 Bf6 16. Bd3 g6 17. Rc1 d6 18. g5 Bg7 19. h4 Bd7 20. Qf4 Bc6 21. f3 f5 22. Qg3 b5 23. c5 Be5 24. f4 Bxc3 25. cxd6 Qb7 26. Rhd1 Bg7 27. h5 Be4 28. Bxe4 Qxe4+ 29. Ka1 Rac8 30. Qh3 Rc2 31. hxg6 Bxb2+ 32. Kb1 Rxc1+ 0-1

[Event "Buenos Aires op1"]
[Site "Buenos Aires"]
[Date "1993.??.??"]
[Round "5"]
[White "Tempone, Marcelo"]
[Black "Olivares, Daniel"]
[Result "1-0"]
[WhiteElo "2450"]
[BlackElo "2280"]
[PlyCount "42"]
[EventDate "1993.??.??"]
[EventType "swiss"]
[EventRounds "7"]
[EventCountry "ARG"]
[SourceTitle "EXT 2000"]
[Source "ChessBase"]
[SourceDate "1999.11.16"]
[SourceVersion "1"]
[SourceVersionDate "1999.11.16"]
[SourceQuality "1"]

1. e4 c6 2. d3 e5 3. f4 d5 4. exd5 exf4 5. Bxf4 Qxd5 6. Nc3 Bb4 7. Nf3 Nf6 8. Be2 Qc5 9. d4 Qb6 10. 0-0 0-0 11. Kh1 Nbd7 12. Bd3 Re8 13. Ne5 Bf8 14. Bg5 Nxe5 15. dxe5 Ng4 16. Ne4 Rxe5 17. Qf3 Rf5 18. Qg3 c5 19. h3 Rxg5 20. Nxg5 Nf6 21. Bc4 Be6 1-0

[Event "Mar del Plata op"]
[Site "Mar del Plata"]
[Date "1992.??.??"]
[Round "7"]
[White "Burijovich, Liliana"]
[Black "Olivares, Daniel"]
[Result "1-0"]
[WhiteElo "2190"]
[BlackElo "2280"]
[PlyCount "73"]
[EventDate "1992.??.??"]
[EventType "swiss"]
[EventRounds "9"]
[EventCountry "ARG"]
[SourceTitle "EXT 1998"]
[Source "ChessBase"]
[SourceDate "1997.11.17"]
[SourceVersion "1"]
[SourceVersionDate "1997.11.17"]
[SourceQuality "1"]

1. d4 Nf6 2. c4 e6 3. Nc3 d5 4. cxd5 exd5 5. Bg5 Nbd7 6. e3 Bb4 7. Qc2 c5 8. Nf3 Qa5 9. Nd2 0-0 10. Be2 Ne4 11. Ndxe4 dxe4 12. 0-0 cxd4 13. Nxe4 f5 14. Ng3 dxe3 15. fxe3 Nb6 16. Bd3 Be6 17. Bxf5 Bxf5 18. Rxf5 Rxf5 19. Qxf5 Qxf5 20. Nxf5 Kf7 21. Rf1 Kg6 22. Be7 Bxe7 23. Nxe7+ Kh6 24. Nf5+ Kg6 25. Rf3 Rd8 26. Nd4 Nc4 27. Rg3+ Kf6 28. Kf2 Nxb2 29. Rf3+ Kg6 30. g4 Nd1+ 31. Ke2 Nc3+ 32. Kf2 Nxa2 33. Ne6 Rd6 34. Nf8+ Kh6 35. Rf5 g5 36. Rf7 Rd2+ 37. Kg3 1-0

[Event "Acasusso Valle op"]
[Site "Acasusso"]
[Date "1991.??.??"]
[Round "10"]
[White "Bulcourf, Carlos"]
[Black "Olivares, Daniel"]
[Result "1-0"]
[WhiteElo "2205"]
[BlackElo "2280"]
[PlyCount "69"]
[EventDate "1991.??.??"]
[EventType "swiss"]
[EventRounds "11"]
[EventCountry "ARG"]
[SourceTitle "EXT 1997"]
[Source "ChessBase"]
[SourceDate "1996.11.15"]
[SourceVersion "1"]
[SourceVersionDate "1996.11.15"]
[SourceQuality "1"]

1. b4 e6 2. Bb2 Nf6 3. b5 d5 4. e3 c5 5. c4 Be7 6. Be2 0-0 7. Nf3 Nbd7 8. 0-0 Ne4 9. Nc3 Bf6 10. Qb3 Nxc3 11. dxc3 Nb6 12. Rfd1 Qc7 13. a4 Nxc4 14. Bxc4 dxc4 15. Qxc4 b6 16. e4 Bb7 17. Bc1 Rfd8 18. Be3 Rxd1+ 19. Rxd1 Rd8 20. Rd2 Rd7 21. Kf1 Qc8 22. Rxd7 Qxd7 23. Ke2 a5 24. Qd3 Qxd3+ 25. Kxd3 h6 26. Nd2 Bd8 27. Bf4 f5 28. f3 Kf7 29. Nc4 fxe4+ 30. fxe4 Ba8 31. Bb8 Kf6 32. Ba7 Kg5 33. Bxb6 Be7 34. Bxa5 Kf4 35. Bc7+ 1-0

[Event "Acasusso Valle op"]
[Site "Acasusso"]
[Date "1991.??.??"]
[Round "5"]
[White "Olivares, Daniel"]
[Black "Lida Garcia, Fernando"]
[Result "1/2-1/2"]
[WhiteElo "2280"]
[BlackElo "2280"]
[PlyCount "165"]
[EventDate "1991.??.??"]
[EventType "swiss"]
[EventRounds "11"]
[EventCountry "ARG"]
[SourceTitle "EXT 1997"]
[Source "ChessBase"]
[SourceDate "1996.11.15"]
[SourceVersion "1"]
[SourceVersionDate "1996.11.15"]
[SourceQuality "1"]

1. d4 Nf6 2. c4 e6 3. Nc3 Bb4 4. Qc2 c5 5. dxc5 0-0 6. Nf3 Na6 7. Bf4 Qa5 8. Bd2 Nxc5 9. a3 Bxc3 10. Bxc3 Qa4 11. Qxa4 Nxa4 12. Bb4 Rd8 13. b3 Nb6 14. Nd2 d6 15. 0-0-0 a5 16. Bc3 Nbd7 17. f3 e5 18. e4 Nc5 19. Be2 Be6 20. Kb2 b6 21. Rhe1 Kf8 22. Bf1 Ke7 23. g3 Ne8 24. f4 f6 25. f5 Bf7 26. a4 Nc7 27. Nf3 Bh5 28. Bg2 N7a6 29. h3 Bxf3 30. Bxf3 Nb8 31. g4 Nc6 32. h4 Rg8 33. g5 Rad8 34. Kc2 Na6 35. Rd2 Nab4+ 36. Kb1 Na6 37. Rg1 Nc5 38. Kc2 Rdf8 39. Rdg2 Kf7 40. g6+ hxg6 41. Rxg6 Rd8 42. Bh5 Kf8 43. R6g4 Rd7 44. Bg6 Rh8 45. Rh1 Ke7 46. h5 Kd8 47. Rgh4 Kc7 48. R1h3 Re7 49. Bd2 Nd4+ 50. Kb2 Rd7 51. h6 gxh6 52. Bxh6 Re7 53. Be3 Rxh4 54. Rxh4 Ndxb3 55. Rh8 Nd4 56. Ra8 Nxa4+ 57. Kc1 Kb7 58. Rd8 Kc7 59. Rf8 Nc5 60. Rxf6 Nd7 61. Rf7 Rxf7 62. Bxf7 Ne2+ 63. Kd2 Ng3 64. Bd5 Nf1+ 65. Kd3 Nxe3 66. Kxe3 Nf6 67. Kd3 Nd7 68. Kc3 Nc5 69. Ba8 Kd7 70. Bd5 Ke7 71. Bc6 Kf6 72. Kb2 Kg5 73. Ka3 Kf4 74. f6 Ne6 75. Ka4 Nf8 76. Kb5 Ke3 77. Kxb6 a4 78. Bxa4 Kxe4 79. Kc7 Kf5 80. f7 Ke6 81. Bc6 Ke7 82. Be4 Nd7 83. Bf5 1/2-1/2